ESKİCİ VE OĞULLARI (Record no. 1151281)

MARC details
000 -LEADER
sabit uzunluktaki kontrol alanı 00249nam a2200097Ia 4500
001 - KONTROL NUMARASI
kontrol alanı 1151281
005 - EN SON İŞLEMİN TARİH VE ZAMANI
kontrol alanı 20250827011044.0
008 - SABİT-UZUNLUKTA VERİ ÖĞELERİ--GENEL BİLGİ
sabit uzunluktaki kontrol alanı 250824s9999 xx 000 0 und d
245 #0 - ESER / YAZAR
ESER ADI ESKİCİ VE OĞULLARI
Yazar Adı ORHAN KEMAL
260 ## - YAYIN, DAĞITIM, VB.
YAYIN EVİ EVEREST YAYINLARI
Holdings
Düşüm durumu Kayıp durumu Hasar Durumu Ödünç verilmez Ana kütüphane Geçerli Kütüphane Edinilen tarih Toplam ödünç verme sayısı Barkod Son görüntüleme tarihi Fiyatın geçerli olmaya başladığı tarih Koha materyal türü
        SELÇUKLU BELEDİYESİ SIZMA ALPARSLAN İLKOKULU SELÇUKLU BELEDİYESİ SIZMA ALPARSLAN İLKOKULU 24.08.2025   10972730 27.08.2025 27.08.2025 Books